[Event "Regionalliga NO 1314"]
[Site "Bayern"]
[Date "2014.04.06"]
[Round "9.3"]
[White "Weber, Daniel1111"]
[Black "Killmann, Martin"]
[Result "1-0"]
[WhiteElo "2087"]
[BlackElo "1947"]
[PlyCount "43"]
[EventDate "2013.10.13"]
[EventType "team-tourn"]
[EventRounds "9"]
[EventCountry "GER"]
[SourceTitle "EXT 2015"]
[Source "ChessBase"]
[SourceDate "2014.11.20"]
[SourceVersion "1"]
[SourceVersionDate "2014.11.20"]
[SourceQuality "1"]
[WhiteTeam "Bechhofen"]
[BlackTeam "Forchheim II"]
[WhiteTeamCountry "GER"]
[BlackTeamCountry "GER"]

1. e4 e6 2. b3 d5 3. Bb2 Nf6 4. e5 Nfd7 5. Qg4 c5 6. f4 Nc6 7. Nf3 a6 8. Be2 b5 9. 0-0 c4 10. d4 Qc7 11. c3 a5 12. bxc4 dxc4 13. Nfd2 Nb6 14. Na3 Na4 15. Nxb5 Qb8 16. Nxc4 Kd7 17. Nbd6 Bxd6 18. exd6 Ba6 19. Ne5+ Nxe5 20. fxe5 Bxe2 21. Rxf7+ Kc6 22. Qxe2 1-0

[Event "GER-chT U20"]
[Site "Osnabrueck"]
[Date "2013.12.29"]
[Round "6.2"]
[White "Killmann, Martin"]
[Black "Reisberg, Andre"]
[Result "1-0"]
[WhiteElo "1997"]
[BlackElo "1969"]
[PlyCount "71"]
[EventDate "2013.12.27"]
[EventType "team-swiss"]
[EventRounds "7"]
[EventCountry "GER"]
[SourceTitle "EXT 2015"]
[Source "ChessBase"]
[SourceDate "2014.11.20"]
[SourceVersion "1"]
[SourceVersionDate "2014.11.20"]
[SourceQuality "1"]
[WhiteTeam "Forchheim"]
[BlackTeam "Brackel"]
[WhiteTeamCountry "GER"]
[BlackTeamCountry "GER"]

1. d4 d5 2. c4 e6 3. Nc3 Nf6 4. cxd5 exd5 5. Bg5 Be7 6. e3 c6 7. Bd3 Nbd7 8. Nf3 0-0 9. 0-0 Re8 10. Qc2 h6 11. Bf4 Nf8 12. h3 Bd6 13. Bxd6 Qxd6 14. Rab1 Bd7 15. Ne5 c5 16. Nxd7 N8xd7 17. dxc5 Qxc5 18. Rfd1 Nb6 19. Rbc1 Qe7 20. Qb3 Rac8 21. a4 Red8 22. a5 Na8 23. Nxd5 Nxd5 24. Rxc8 Rxc8 25. Qxd5 Kf8 26. Qf5 Rd8 27. Qh7 Qf6 28. Rc1 b6 29. Be4 g5 30. Rc6 Qxb2 31. Qxh6+ Ke8 32. Qxg5 bxa5 33. Rf6 Kf8 34. Qc5+ Kg7 35. Rf4 Qb8 36. Qe7 1-0

[Event "GER-chT U20"]
[Site "Osnabrueck"]
[Date "2013.12.28"]
[Round "3.2"]
[White "Wenninger, Philipp"]
[Black "Killmann, Martin"]
[Result "1-0"]
[WhiteElo "2222"]
[BlackElo "1997"]
[PlyCount "101"]
[EventDate "2013.12.27"]
[EventType "team-swiss"]
[EventRounds "7"]
[EventCountry "GER"]
[SourceTitle "EXT 2015"]
[Source "ChessBase"]
[SourceDate "2014.11.20"]
[SourceVersion "1"]
[SourceVersionDate "2014.11.20"]
[SourceQuality "1"]
[WhiteTeam "Erlangen"]
[BlackTeam "Forchheim"]
[WhiteTeamCountry "GER"]
[BlackTeamCountry "GER"]

1. d4 d5 2. Nf3 Nf6 3. c4 dxc4 4. e3 e6 5. Bxc4 c5 6. 0-0 a6 7. dxc5 Qxd1 8. Rxd1 Bxc5 9. Nbd2 b5 10. Be2 Bb7 11. Nb3 Be7 12. a4 b4 13. Na5 Bd5 14. Bc4 0-0 15. Bxd5 Nxd5 16. e4 Nf6 17. Bg5 Bd8 18. Nb7 Nc6 19. Re1 Be7 20. Rac1 Rac8 21. h3 Rc7 22. Na5 Rfc8 23. Bf4 e5 24. Nxc6 Rxc6 25. Rxc6 Rxc6 26. Nxe5 Rc2 27. Nd3 h6 28. f3 Nd7 29. Rc1 Rxc1+ 30. Bxc1 Bc5+ 31. Kf1 a5 32. Ke2 Kf8 33. Be3 Bd6 34. Bd4 f6 35. Kd2 Ke7 36. Kc2 Kd8 37. Kb3 Kc7 38. Kc4 Kc6 39. f4 Be7 40. e5 fxe5 41. Nxe5+ Nxe5+ 42. Bxe5 g6 43. g4 Bd8 44. b3 Be7 45. Kd4 Bd8 46. Ke4 Be7 47. Bg7 h5 48. f5 hxg4 49. hxg4 gxf5+ 50. gxf5 Kd7 51. f6 1-0

[Event "Regionalliga NO 1213"]
[Site "Bayern"]
[Date "2013.04.14"]
[Round "9.4"]
[White "Killmann, Martin"]
[Black "Willim, Michael"]
[Result "1/2-1/2"]
[WhiteElo "2007"]
[BlackElo "2079"]
[PlyCount "67"]
[EventDate "2012.10.14"]
[EventType "team-tourn"]
[EventRounds "9"]
[EventCountry "GER"]
[SourceTitle "EXT 2015"]
[Source "ChessBase"]
[SourceDate "2014.11.20"]
[SourceVersion "1"]
[SourceVersionDate "2014.11.20"]
[SourceQuality "1"]
[WhiteTeam "Forchheim II"]
[BlackTeam "Erlangen"]
[WhiteTeamCountry "GER"]
[BlackTeamCountry "GER"]

1. d4 c5 2. d5 e5 3. c4 d6 4. e4 Be7 5. Bd3 Bg5 6. Nc3 a6 7. h3 Bxc1 8. Rxc1 Nd7 9. Nf3 Ne7 10. 0-0 Ng6 11. Bc2 0-0 12. a3 Nf4 13. Ne2 Qf6 14. Nxf4 exf4 15. b4 b6 16. Ba4 Ne5 17. Nxe5 Qxe5 18. Qd3 Ra7 19. Rfe1 Re7 20. Re2 Qh5 21. Rb2 f5 22. exf5 Bxf5 23. Qc3 f3 24. Bd1 Qg5 25. Bxf3 Bxh3 26. Rd1 Ref7 27. Be4 Bg4 28. Re1 Rf3 29. Re3 Rxe3 30. fxe3 Re8 31. Qd3 h6 32. Rf2 Qe5 33. Bh7+ Kh8 34. Bg6 1/2-1/2

[Event "GER-chT U20"]
[Site "Osnabrueck"]
[Date "2012.12.28"]
[Round "4.3"]
[White "Killmann, Martin"]
[Black "Perske, Thore"]
[Result "0-1"]
[WhiteElo "1946"]
[BlackElo "2050"]
[PlyCount "56"]
[EventDate "2012.12.27"]
[EventType "team-swiss"]
[EventRounds "7"]
[EventCountry "GER"]
[SourceTitle "EXT 2014"]
[Source "ChessBase"]
[SourceDate "2013.11.20"]
[SourceVersion "1"]
[SourceVersionDate "2013.11.20"]
[SourceQuality "1"]
[WhiteTeam "Forchheim"]
[BlackTeam "Heidesheim"]
[WhiteTeamCountry "GER"]
[BlackTeamCountry "GER"]

1. d4 Nf6 2. c4 g6 3. Nc3 Bg7 4. e4 d6 5. Nf3 0-0 6. Be2 e5 7. 0-0 Na6 8. a3 exd4 9. Nxd4 Nc5 10. Bf3 Nfd7 11. Be3 Ne5 12. Be2 Nc6 13. Rc1 Nxd4 14. Bxd4 Bxd4 15. Qxd4 Nb3 16. Qe3 Nxc1 17. Rxc1 Re8 18. Qd4 Qg5 19. Rd1 Be6 20. Nb5 Rec8 21. Bf3 Qe5 22. Qd3 Qxb2 23. e5 dxe5 24. Bxb7 Rd8 25. Qf3 Rxd1+ 26. Qxd1 Rb8 27. Bf3 Bxc4 28. Nxc7 Qb1 0-1

[Event "GER-chT U20"]
[Site "Osnabrueck"]
[Date "2012.12.28"]
[Round "3.3"]
[White "Killmann, Martin"]
[Black "Reisberg, Andre"]
[Result "1-0"]
[WhiteElo "1946"]
[BlackElo "1951"]
[PlyCount "43"]
[EventDate "2012.12.27"]
[EventType "team-swiss"]
[EventRounds "7"]
[EventCountry "GER"]
[SourceTitle "EXT 2014"]
[Source "ChessBase"]
[SourceDate "2013.11.20"]
[SourceVersion "1"]
[SourceVersionDate "2013.11.20"]
[SourceQuality "1"]
[WhiteTeam "Forchheim"]
[BlackTeam "Brackel"]
[WhiteTeamCountry "GER"]
[BlackTeamCountry "GER"]

1. d4 d5 2. c4 c6 3. Nf3 Nf6 4. Nc3 e6 5. Bg5 h6 6. Bxf6 Qxf6 7. e3 g6 8. Bd3 Nd7 9. 0-0 Bg7 10. Qc2 0-0 11. e4 dxe4 12. Nxe4 Qe7 13. c5 e5 14. dxe5 Nxe5 15. Nxe5 Qxe5 16. Rab1 Qc7 17. Nd6 Be5 18. Bc4 Kh7 19. Rbd1 b6 20. Rfe1 Bf6 21. Ne8 Qf4 22. g3 1-0

[Event "GER-chT U20"]
[Site "Osnabrueck"]
[Date "2011.12.28"]
[Round "4.4"]
[White "Gibicar, Danijel"]
[Black "Killmann, Martin"]
[Result "1-0"]
[WhiteElo "2037"]
[BlackElo "1814"]
[PlyCount "101"]
[EventDate "2011.12.27"]
[EventType "team-swiss"]
[EventRounds "7"]
[EventCountry "GER"]
[SourceTitle "CBM 146 Extra"]
[Source "ChessBase"]
[SourceDate "2012.02.29"]
[SourceVersion "1"]
[SourceVersionDate "2012.02.29"]
[SourceQuality "1"]
[WhiteTeam "Bebenhausen"]
[BlackTeam "Forchheim"]
[WhiteTeamCountry "GER"]
[BlackTeamCountry "GER"]

1. d4 d5 2. c4 dxc4 3. Nf3 Nf6 4. e3 e6 5. Bxc4 c5 6. 0-0 a6 7. Bb3 b5 8. a4 Bb7 9. axb5 axb5 10. Rxa8 Bxa8 11. dxc5 Bxc5 12. Qxd8+ Kxd8 13. Nc3 b4 14. Na4 Bd6 15. Nb6 Bb7 16. Nc4 Bc7 17. Nfe5 Ke7 18. Bd2 Na6 19. Nd3 Rb8 20. Nxb4 Bxg2 21. Nxa6 Bxf1 22. Kxf1 Rxb3 23. Nxc7 Ne4 24. Ke2 Nd6 25. Nxd6 Kxd6 26. Ne8+ Ke7 27. Nxg7 Rb5 28. f4 Rxb2 29. Nh5 Rb5 30. Ng3 e5 31. f5 Rb6 32. h4 Rc6 33. Kf3 Rc4 34. Ne4 f6 35. h5 Ra4 36. Be1 Kf7 37. Bh4 Ra1 38. Bg3 Ra4 39. h6 Ra1 40. Kg2 Ra4 41. Kf3 Ra1 42. Nf2 Rg1 43. Bh4 Rf1 44. Kg2 Ra1 45. Ng4 Ra2+ 46. Kf3 Ra1 47. Nxf6 Rf1+ 48. Kg4 Rg1+ 49. Kh5 Rf1 50. e4 Rf4 51. Nxh7 1-0

[Event "Bayernliga U20 1011"]
[Site "Bayern"]
[Date "2010.12.04"]
[Round "3.5"]
[White "Karl, Thomas"]
[Black "Killmann, Martin"]
[Result "1/2-1/2"]
[WhiteElo "1376"]
[BlackElo "1851"]
[PlyCount "68"]
[EventDate "2010.10.16"]
[EventType "team-tourn"]
[EventRounds "7"]
[EventCountry "GER"]
[SourceTitle "EXT 2022"]
[Source "ChessBase"]
[SourceDate "2021.10.06"]
[SourceVersion "1"]
[SourceVersionDate "2021.10.06"]
[SourceQuality "1"]
[WhiteTeam "Kelheim SK U20"]
[BlackTeam "Forchheim SC U20"]
[WhiteTeamCountry "GER"]
[BlackTeamCountry "GER"]

1. d4 d5 2. c4 dxc4 3. e3 Nf6 4. Bxc4 e6 5. Nc3 c5 6. Nf3 a6 7. a4 Nc6 8. 0-0 cxd4 9. Nxd4 Nxd4 10. Qxd4 Qxd4 11. exd4 Bb4 12. Re1 0-0 13. Bg5 Nd5 14. Bxd5 exd5 15. Re3 Be6 16. Rc1 Rac8 17. Bf4 Rc4 18. Rd3 Rfc8 19. Na2 Rxc1+ 20. Nxc1 Bf5 21. Rb3 a5 22. Nd3 Rc4 23. Nxb4 axb4 24. h3 Rxd4 25. Bd6 Bc2 26. Rxb4 Rxb4 27. Bxb4 Bxa4 28. Bc5 f5 29. f4 Kf7 30. Kf2 Bb5 31. g3 Ke6 32. g4 Bd3 33. Bd4 g6 34. g5 Kd6 1/2-1/2